| 000 | 00847nam a2200229Ia 4500 | ||
|---|---|---|---|
| 005 | 20170802142053.0 | ||
| 010 | _aBAC-CH25 | ||
| 020 |
_a9780143331674 _c125.00 |
||
| 035 | _aB-555214-249 | ||
| 035 | _aG-003033 | ||
| 035 | _aB-667189 | ||
| 037 |
_bAakar/Ven _adpl |
||
| 082 | _aS | ||
| 100 | _aPattanaik, Devdutt | ||
| 245 |
_aFun in Devlok: an indentity card for Krishna / _cby Devdutt Pattanaik |
||
| 260 |
_aNew delhi _bPuffin Books _c2014 |
||
| 300 |
_a40p.: _bill. _c20cm(pbk) |
||
| 942 |
_cCH _2ddc _mPAT _hS |
||
| 999 |
_c85650 _d85650 |
||